[Event "Rio de Janeiro op 3rd"]
[Site "Rio de Janeiro"]
[Date "2024.04.23"]
[Round "3"]
[White "Nogueira, Adnilton Correia De"]
[Black "Urquiza, Marcello de Albuque"]
[Result "0-1"]
[WhiteElo "1767"]
[BlackElo "2005"]
[PlyCount "100"]
[EventDate "2024.04.22"]
[EventType "swiss"]
[EventRounds "9"]
[EventCountry "BRA"]
[SourceTitle "CBM 219 Extra"]
[Source "ChessBase"]
[SourceDate "2024.05.31"]
[SourceVersion "1"]
[SourceVersionDate "2024.05.31"]
[SourceQuality "1"]

1. d4 d5 2. Nf3 Nf6 3. Bg5 Nbd7 4. e3 e6 5. Bd3 c5 6. c3 Qb6 7. b3 Bd6 8. Nbd2 0-0 9. 0-0 h6 10. Bh4 Qa5 11. c4 cxd4 12. exd4 Ba3 13. Qc2 b6 14. Nb1 Bd6 15. Nc3 dxc4 16. Bxc4 a6 17. Ne4 Be7 18. Bg3 Bb7 19. Nxf6+ Nxf6 20. Qe2 Qh5 21. Ne1 b5 22. Bd3 Qxe2 23. Bxe2 Ba3 24. Nd3 Rac8 25. Nc5 Bxc5 26. dxc5 b4 27. a3 bxa3 28. Rxa3 Rfd8 29. b4 Rd4 30. Rb1 Be4 31. Rb2 Nd5 32. f3 Bf5 33. Bxa6 Rc6 34. Be5 Rxb4 35. Ra5 Rxb2 36. Bxb2 Nb4 37. Bb7 Rc7 38. Rb5 Nd3 39. Bd4 e5 40. Be3 Bd7 41. Rb1 Nxc5 42. Bxc5 Rxc5 43. Be4 g6 44. Rb6 Kg7 45. Rd6 Be6 46. Kf2 h5 47. Kg3 Ra5 48. Kh4 Ra2 49. Rd1 Rxg2 50. Rh1 Kh6 0-1

[Event "Rio de Janeiro op 3rd"]
[Site "Rio de Janeiro"]
[Date "2024.04.22"]
[Round "1"]
[White "Nogueira, Adnilton Correia De"]
[Black "Viana, Dirceu"]
[Result "0-1"]
[WhiteElo "1767"]
[BlackElo "2172"]
[PlyCount "76"]
[EventDate "2024.04.22"]
[EventType "swiss"]
[EventRounds "9"]
[EventCountry "BRA"]
[SourceTitle "CBM 219 Extra"]
[Source "ChessBase"]
[SourceDate "2024.05.31"]
[SourceVersion "1"]
[SourceVersionDate "2024.05.31"]
[SourceQuality "1"]

1. d4 Nf6 2. Nf3 e6 3. Bg5 c5 4. c3 h6 5. Bh4 b6 6. Nbd2 Bb7 7. e3 Be7 8. Nb3 d6 9. Bb5+ Nbd7 10. 0-0 a6 11. Be2 0-0 12. Re1 Re8 13. Bf1 Qc7 14. Rc1 Rac8 15. Nbd2 Qb8 16. Bg3 Nh5 17. Nc4 Nxg3 18. hxg3 cxd4 19. exd4 Qc7 20. Qb3 Bd5 21. Nfd2 b5 22. Qd1 Bxc4 23. Nxc4 bxc4 24. Qg4 Nf6 25. Qe2 d5 26. Rc2 Rb8 27. Qd2 a5 28. Be2 Rb6 29. f4 Ne4 30. Qe3 Reb8 31. Rb1 a4 32. Bf3 a3 33. Bxe4 dxe4 34. Qxe4 Rxb2 35. Rcc1 Qb7 36. Qxb7 R8xb7 37. Ra1 Rd2 38. Rab1 Rbb2 0-1